000 01438nam0a22003491 4500
001 RU\NLR\INFOCOMM_41\5000238145
005 20250613085651.0
035 _a(NLR Aleph) 009038954
090 _a9534883
_c9534883
100 _a20080627d1984 |||y0rusy50 ca
101 0 _aeng
_drus
102 _aRU
105 _aa z 000yy
200 1 _aOn the research of the e⁺eˉ⊸ ηπ⁺πˉ reaction
_fN. N. Achasov, V. A. Karnakov
210 _aНовосибирск
_cИн-т математики СО АН СССР
_d1984
215 _a8 с.
_cил.
_d20 см
225 1 _aПрепринт
_fАН СССР, Сиб. отд.-ние, Ин-т математики
_vТР-Nо(57)138
300 _aВ вып. дан.: К исследованию реакции e⁺eˉ⊸ ηπ⁺πˉ/ Н. Н. Ачасов, В. А. Карнаков
300 _aРез. на рус. яз.
320 _aБиблиогр.: с. 6
517 1 _aК исследованию реакции e⁺eˉ⊸ ηπ⁺πˉ
606 _aЭлектронно-позитронные пары
_xАннигиляция
_2nlr_sh1
686 _aВ382.341
_2rubbk
700 1 _9z01790
_aAčasov
_bN. N.
_gNikolaj Nikolaevič
_4070
701 1 _aKarnakov
_bV. A.
_gVladimir Agafangelovič
_4070
790 1 _9z01700
_aAchasov
_bN. N.
_4070
801 1 _aRU
_bNLR
_c20080627
801 0 _aRU
_bNLR
_gPSBO
852 _aNLR
_jФз01 Д-4/2705
942 _cBOOK
980 _aNB